000 00480nam a22001577a 4500
999 _c12981
_d12981
008 190206b ||||| |||| 00| 0 eng d
020 _a9711901854
082 _21995
_aDFil 899.2103
_bD15
100 _aDalisay, Jose Y., Jr.
_920116
245 _aYbarra/
_cJose Y. Dalisay, Jr.
260 _aQuezon City:
_bCacho Pub. House,
_c©1995
300 _aPage 18-27;
_c21 cm.
650 _aPhilippine literature.
_936629
650 _aShort stories (English).
_936630
942 _2ddc
_cDFIL